00000000nam##2200000za#4500
0019.602765
003CaOODSP
00520240212134142
007cr |||||||||||
008150406|1993||||xxc|||||o    f|0| 0 fre|d
040 |aCaOODSP|bfre
043 |an-cn---
0861 |aNE22-1/1993-4F-PDF
1101 |aCanada. |bOffice national de l'énergie.
24510|aMotifs de décision relativement à Altamont Gas Transmission Canada Limited : |h[ressource électronique]|bdemande du 26 juillet 1991 concernant des installations pipelinières servant au transport du gaz
2461 |iTitre de renvoi : |aAltamont Gas Transmission Canada Limited
260 |aCalgary - Alberta : |bOffice national de l'énergie |cFévrier 1993.
300 |a57p.|bcartes
4901 |aMotifs de décision|vGHW-1-92
500 |aLe nº de catalogue (NE22-1/1993-4F) et l'ISBN (0-662-98144-8) de l'édition imprimée ont été incorrectement copiés dans cette édition électronique.
590 |a12-06-Supp|b2012-03-07
77508|tReasons for decision in the matter of Altamont Gas Transmission Canada Limited : |w(CaOODSP)9.572412
7760#|tVisant: Altamont Gas Transmission Canada Limited : |w(CaOODSP)9.620804
830#0|aMotifs de décision (Canada. Office national de l'énergie)|vGHW-1-92|w(CaOODSP)9.500899
85640|ahttp://publications.gc.ca|qPDF|s344 Ko|uhttps://publications.gc.ca/collections/Collection/NE22-1-1993-4F.pdf|yGHW-1-92